Apología de Sócrates /

Salvato in:
Dettagli Bibliografici
Autore principale: Platón (autor)
Natura: Libro
Lingua:spagnolo
Pubblicazione: Madrid, España : Alhambra, 1985, c1985
Serie:(Clásicos del Pensamiento ; 1)
Soggetti:
Tags: Aggiungi Tag
Nessun Tag, puoi essere il primo ad aggiungerne!!

MARC

LEADER 00000nam^a2200000^a^4500
001 000000880
005 20250521000000.0
009 20260310083044.459
020 |a 84-205-1135-8 
037 |a Acervo ITESO - Biblioteca 
041 |a ESP 
082 |a 184.  |b PLA OBR APO 
100 |a Platón  |e (autor) 
240 1 1 |a [Apología de Sócrates] 
245 1 0 |a Apología de Sócrates /  |c Platón ; ed. de Llatzer Bria. 
264 4 |a Madrid, España :  |b Alhambra,  |c 1985, c1985 
300 |a 160 p. 
336 |a texto  |b txt  |2 rdacontenido 
337 |a sin mediación  |b n  |2 rdamedio 
338 |a volumen  |b nc  |2 rdasoporte 
440 1 |a (Clásicos del Pensamiento ;  |v 1) 
649 |a XX 
650 |a Filósofos Griegos 
650 |a Diálogos Griegos 
650 |a Escuela Platónica (Academia) 
650 |a Socráticos 
650 |a Filosofía Griega 
650 |a Filosofía Clásica 
650 |a Sócrates -  |x Tema Principal 
910 |a Fondo General 
920 |a Impresos - Libros 
930 |a Colección General 
905 |a 101 
901 |a 0008800100  |b IT1  |c ACC  |i 000880  |u 20250521 
902 |a https://opac.biblio.iteso.mx/vufind/Record/000000880